Game Equilibrium Models 2 Methods, Morals, and Markets
Gespeichert in:
| Weitere Verfasser: | |
|---|---|
| Format: | Buch |
| Sprache: | Englisch |
| Veröffentlicht: |
Berlin
Springer
1991
|
| Ausgabe: | 1. ed. |
| Schlagworte: | |
| Tags: |
Keine Tags, Fügen Sie das erste Tag hinzu!
|
MARC
| LEADER | 00000nam a2200000 4500 | ||
|---|---|---|---|
| 001 | c014186 | ||
| 005 | 20230315135020.3 | ||
| 020 | |a 3-540-54226-4 | ||
| 041 | 0 | |a eng | |
| 044 | |a DE | ||
| 245 | 1 | 0 | |a Game Equilibrium Models 2 |b Methods, Morals, and Markets |c Edit. Reinhard Selten |
| 250 | |a 1. ed. | ||
| 264 | 1 | |a Berlin |b Springer |c 1991 | |
| 300 | |a 367 s. | ||
| 610 | 2 | 0 | |a teória hier |
| 610 | 2 | 0 | |a rovnováha |
| 610 | 2 | 0 | |a modely dynamické |
| 610 | 2 | 0 | |a modely rovnováhy |
| 610 | 2 | 0 | |a hry ekonomické |
| 610 | 2 | 0 | |a morálka |
| 610 | 2 | 0 | |a obchod |
| 700 | 1 | |a Selten, Reinhard | |